Кендырь коноплевый / (Record no. 479114)
[ view plain ]
| 000 -LEADER | |
|---|---|
| fixed length control field | 01402nam a2200277 a 4500 |
| 001 - CONTROL NUMBER | |
| control field | 000870307 |
| 003 - CONTROL NUMBER IDENTIFIER | |
| control field | AM-YeHGA |
| 005 - DATE AND TIME OF LATEST TRANSACTION | |
| control field | 20250617161902.0 |
| 008 - FIXED-LENGTH DATA ELEMENTS--GENERAL INFORMATION | |
| fixed length control field | 120227s1953 ru r 000 0 rus d |
| 040 ## - CATALOGING SOURCE | |
| Original cataloging agency | AM-YeHGA |
| 041 0# - LANGUAGE CODE | |
| Language code of text/sound track or separate title | rus |
| 090 ## - LOCALLY ASSIGNED LC-TYPE CALL NUMBER (OCLC); LOCAL CALL NUMBER (RLIN) | |
| -- | 482459 |
| 245 00 - TITLE STATEMENT | |
| Title | Кендырь коноплевый / |
| Statement of responsibility, etc. | Я.А. Алешкина, Ф.Л. Бурмирстров, А.П. Кирьянов, В.В. Феофилкатов; Под ред. Н.Я. Ицкова, А.Д. Туровой; Мин. здравоохранения Союза ССР; ВНИИ лекарств. и аромат. растений "Вилар". |
| 260 ## - PUBLICATION, DISTRIBUTION, ETC. | |
| Place of publication, distribution, etc. | М. : |
| Name of publisher, distributor, etc. | Медгиз, |
| Date of publication, distribution, etc. | 1953. |
| 300 ## - PHYSICAL DESCRIPTION | |
| Extent | 78 с. : |
| Other physical details | рис., табл. ; |
| Dimensions | 21 см. |
| 504 ## - BIBLIOGRAPHY, ETC. NOTE | |
| Bibliography, etc. note | Библиогр. в подстроч. примеч. и лит. с. 75-77 |
| 650 14 - SUBJECT ADDED ENTRY--TOPICAL TERM | |
| Topical term or geographic name entry element | Лекарственные растения |
| 700 1# - ADDED ENTRY--PERSONAL NAME | |
| Personal name | Алешкина, Я.А. |
| 700 1# - ADDED ENTRY--PERSONAL NAME | |
| Personal name | Бурмистров, Ф.Л. |
| 700 1# - ADDED ENTRY--PERSONAL NAME | |
| Personal name | Кирьянов, А.П. |
| 700 1# - ADDED ENTRY--PERSONAL NAME | |
| Personal name | Феофилактов, В.В. |
| 700 1# - ADDED ENTRY--PERSONAL NAME | |
| Personal name | Циков, Н.Я. |
| Relator term | ред. |
| Relationship | edt |
| 700 1# - ADDED ENTRY--PERSONAL NAME | |
| Personal name | Туров, А.Д. |
| Relator term | ред. |
| Relationship | edt |
| 710 2# - ADDED ENTRY--CORPORATE NAME | |
| Corporate name or jurisdiction name as entry element | Министерство здравоохранения СССР |
| 710 2# - ADDED ENTRY--CORPORATE NAME | |
| Corporate name or jurisdiction name as entry element | Всесоюзный научно-исследовательский институт лекарственных и ароматических растений "Вилар" |
| Withdrawn status | Lost status | Source of classification or shelving scheme | Damaged status | Not for loan | Collection | Home library | Current library | Date acquired | Total checkouts | Full call number | Barcode | Date last seen | Price effective from | Koha item type | Public note |
|---|---|---|---|---|---|---|---|---|---|---|---|---|---|---|---|
| Universal Decimal Classification | General | Fundamental Scientific Library | Fundamental Scientific Library | 20/11/2018 | РД II/22994 | FL0537791 | 20/11/2018 | 20/11/2018 | Գրքեր / Books | 30 Days Loan |
ՀՀ Գիտությունների ազգային ակադեմիայի հիմնարար գիտական գրադարան = Fundamental Scientific Library of NAS RA
All site content, except where otherwise noted, is licensed under a